Science voyages : Life & physical sciences

Shranjeno v:
Bibliografske podrobnosti
Glavni avtor: Biggs, Alton
Format: Knjiga
Jezik:Vietnamese
Izdano: Glencoe/McGraw-Hill 2001
Oznake: Označite
Brez oznak, prvi označite!
Thư viện lưu trữ: Mạng thư viện Đại học Đà Nẵng
LEADER 00633nam a2200253 4500
001 000021932
003 18380
005 20150424080419.0
008 150424s2001 viesd
020 |c 00 
041 0 |a vie 
082 1 4 |a 570  |b BI-A 
100 1 |a Biggs, Alton 
245 1 0 |a Science voyages : Life & physical sciences  |c Alton Biggs, ..[et al.] 
260 |b Glencoe/McGraw-Hill  |c 2001 
300 |a tr.  |c cm. 
OWN |a LSP 
999 |a From the UDN01 
TYP |a Monograph 
TYP |a Printed language 
980 |a Mạng thư viện Đại học Đà Nẵng